| 000 | 00735cam a22002412 4500 | ||
|---|---|---|---|
| 001 | 0000001727 | ||
| 005 | 20151217151826.0 | ||
| 008 | 070322s xx 000 0 eng d | ||
| 020 |
_a0256097909 : _cKES 500 |
||
| 040 |
_aKABU _cKABU |
||
| 050 | 0 |
_aHD31 _b.D66 1992 |
|
| 100 | 1 |
_aDonnelly, James H. _@0000150710 |
|
| 245 | 1 | 0 |
_aFundamentals of management / _cJames H. Donnelly, James L. Gibson, John M. Ivancevich. |
| 250 | _a8th ed. | ||
| 260 |
_aBoston : _bIrwin, _c1992. |
||
| 300 | _axxxiii, 839 p. | ||
| 650 | 0 |
_aManagement. _@0000083920 |
|
| 700 | 1 |
_aGibson, James L. _@0000148289 |
|
| 700 | 1 |
_aIvancevich, John M. _@0000150555 |
|
| 908 | _a070322 | ||
| 950 | _@1 | ||
| 999 |
_c5415 _d5415 |
||